[Event "3rd Open"]
[Site "Kolkata IND"]
[Date "2008.03.31"]
[Round "8"]
[White "Debashis,D"]
[Black "Himanshu,Sh"]
[Result "0-1"]
[WhiteElo "2279"]
[BlackElo "2398"]

1.e4 c5 2.Nf3 e6 3.d4 cxd4 4.Nxd4 Nc6 5.Nc3 Qc7 6.Be2 a6 7.O-O Nf6 8.Be3 Bb4
9.Na4 Be7 10.Nxc6 bxc6 11.Nb6 Rb8 12.Nxc8 Qxc8 13.Bd4 c5 14.Be5 Rb6 15.Qd3 d6
16.Bc3 Qc6 17.Bf3 c4 18.Qe2 e5 19.g3 O-O 20.Rfd1 Nd7 21.a4 Rfb8 22.Bg2 R6b7
23.Ra2 Nf8 24.Bf1 Rc8 25.Be1 Ne6 26.c3 g6 27.h4 Kg7 28.a5 Rb5 29.f3 Rxa5
30.Rda1 Rxa2 31.Rxa2 Bd8 32.Qd1 Bb6+ 33.Bf2 Bxf2+ 34.Kxf2 Qb6+ 35.Kg2 Rc5
36.Qa4 Rb5 37.Qc2 Qc6 38.Kh3 Qc8 39.Kg2 a5 40.Kf2 Qc6 41.Ke1 Nc7 42.Qa4 Qb6
43.Qxc4 d5 44.exd5 Rxd5 45.Ke2 h5 46.b3 Qg1 47.Qxc7 Qh2+ 48.Ke1 Qxa2 49.Bc4 Qb1+
50.Kf2 Qc2+ 51.Be2 Qxb3 52.c4 Rd2 53.Qxe5+ Kh7 54.Qc7 Kg8 55.Qxa5 Qd3 56.Qa8+ Kg7
57.Qa1+ Kh7 58.Qe1 Rc2 59.Kf1 Qe3 60.Qf2 Qc1+ 61.Kg2 Qb2 62.Kf1 Kg7 63.Qe3 Rc1+
64.Kf2 Rxc4 65.Qd3 Rc2 66.Qe3 Qc3 67.Qe4 Qc5+ 68.Qe3 Kf6 69.f4 Kg7 70.Qxc5 Rxc5
71.Bd1 Rc3 72.Bf3 Kf6 73.Bd5 Rc5 74.Bb3 Rb5 75.Bc4 Rb4 76.Bd5 Rd4 77.Bb3 Rd2+
78.Ke3 Rg2 79.Kf3 Rb2 80.Bc4 Ke7 81.Bd5 Rc2 82.Ke3 Rc3+ 83.Kf2 Rc7 84.Kg2 Kd6
85.Be4 Kc5 86.Ba8 Kd4 87.Kg1 Ke3 88.Bd5 f6 89.Kg2 Rd7 90.Bc6 Rd2+ 91.Kg1 Rb2
92.Bd5 Rc2 93.Bb7 Kd4 94.Ba8 f5 95.Bb7 Ke3 96.Bd5 Rd2 97.Bc6 Rd6 98.Bb7 Rd1+
99.Kg2 Rd2+ 100.Kg1 Rb2 101.Bd5 Rb5 102.Bc6 Rc5 103.Bb7 Rb5 104.Bc6 Rb6 105.Bd5 Rd6
106.Bb7 g5 107.hxg5 h4 108.Kh2 hxg3+ 109.Kxg3 Rd4 110.Kh4 Kxf4 111.Kh5 Ke5
112.Kh6 Rb4 113.Bf3 Rf4 114.Bh5 Ra4 115.g6 Kf6 116.g7 Ra8 117.Bg6 Rg8 118.Bxf5 Rxg7
119.Bb1 Rg1 120.Be4 Rg4 121.Bf3 Rh4+ 122.Bh5 Rh2  0-1

[Event "Spring Open"]
[Site "Belgrade SCG"]
[Date "2008.04.01"]
[Round "8"]
[White "Vucinic,G"]
[Black "Andrejevic,Mila"]
[Result "1-0"]
[WhiteElo "1850"]
[BlackElo "1984"]

1.e4 c5 2.Nf3 Nc6 3.d4 cxd4 4.Nxd4 e6 5.Nc3 a6 6.Be3 Qc7 7.Qd2 Bb4 8.a3 Qa5
9.Nxc6 bxc6 10.Bd4 e5 11.Bxe5 Qxe5 12.axb4 Nf6 13.f4 Qe7 14.e5 d5 15.O-O-O  1-0

[Event "ch-SRB w"]
[Site "Kac SRB"]
[Date "2008.04.01"]
[Round "4"]
[White "Eric,J"]
[Black "Urosevic,Ma"]
[Result "1-0"]
[WhiteElo "2104"]
[BlackElo "2108"]

1.e4 c5 2.Nf3 e6 3.d4 cxd4 4.Nxd4 Nc6 5.Nc3 Qc7 6.Be3 a6 7.Qd2 Nf6 8.f3 Be7
9.O-O-O O-O 10.g4 b5 11.h4 Bb7 12.h5 Rac8 13.g5 b4 14.Nce2 Ne8 15.Nxc6 Qxc6
16.Nd4 Qa4 17.Kb1 Nd6 18.Bd3 Nb5 19.Nb3 d5 20.g6 dxe4 21.fxe4 e5 22.gxh7+ Kxh7
23.Rhg1 Nc7 24.Qh2 Bf6 25.Qh3 Qc6 26.Na5 Qa4 27.Nxb7 Ne6 28.Qf5+ Kh8 29.h6 Rc6
30.hxg7+ Bxg7 31.Rh1+ Kg8 32.Qh7+  1-0

[Event "3rd Open"]
[Site "Kolkata IND"]
[Date "2008.04.01"]
[Round "9"]
[White "Himanshu,Sh"]
[Black "Ashwin,J"]
[Result "0-1"]
[WhiteElo "2398"]
[BlackElo "2478"]

1.e4 c5 2.Nc3 e6 3.Nf3 Nc6 4.d4 cxd4 5.Nxd4 Qc7 6.Be3 a6 7.Qd2 Nf6 8.O-O-O Be7
9.f3 h5 10.Qe1 b5 11.Qg3 Ne5 12.f4 Nc4 13.Bxc4 Qxc4 14.e5 Ng4 15.Kb1 Bb7
16.h3 Bh4 17.Qxh4 Nxe3 18.Rd2 O-O 19.Qg3 Nf1 20.Qd3 Nxd2+ 21.Qxd2 f6 22.b3 Qc5
23.Re1 Rac8 24.Kb2 Qb6 25.g4 hxg4 26.hxg4 fxe5 27.Rxe5 Rc5 28.Re2 Rfc8 29.Re3 Qd6
30.Rd3 b4 31.Na4 Be4 32.Nxc5 Rxc5 33.Qxb4 Bxd3 34.cxd3 a5 35.Qa4 Qxf4 36.Nc2 Qd2
37.b4 Qc3+ 38.Kb1 axb4  0-1

[Event "TCh-RUS w"]
[Site "Dagomys RUS"]
[Date "2008.04.02"]
[Round "1"]
[White "Sudakova,I"]
[Black "Borisova,E"]
[Result "1/2-1/2"]
[WhiteElo "2330"]
[BlackElo "2275"]

1.e4 c5 2.Nc3 Nc6 3.Nf3 e6 4.d4 cxd4 5.Nxd4 Qc7 6.Be2 a6 7.f4 b5 8.Nxc6 Qxc6
9.Bf3 Bb7 10.Be3 Rc8 11.O-O Bc5 12.Bf2 Ne7 13.a4 b4 14.e5 Qb6 15.a5 Qa7 16.Ne4 Bxe4
17.Bxe4 Bxf2+ 18.Rxf2 O-O 19.Qd3 f5 20.Bf3 Rc5 21.Qd4 Qc7 22.Qxb4 Rb8 23.Qd4 Ng6
24.Rd1 Rxa5 25.b3 Nf8 26.g3 Rc5 27.Rdd2 Rc3 28.Bg2 Rc8 29.Bf1 Rc6 30.Bc4 a5
31.Bb5 Rc5 32.c4 g5 33.Qd6 Kf7 34.Ra2 Qxd6 35.exd6 gxf4 36.gxf4 e5 37.fxe5 Rxe5
38.Rxa5 Ke6 39.Ra7 Kxd6 40.Bxd7 Nxd7 41.Rd2+ Kc5 42.Raxd7 Kb4 43.R7d3 Ra8
44.Kf2 Ra1 45.Re2 Rxe2+ 46.Kxe2 Ra2+ 47.Rd2 Ra1 48.Ke3 Kxb3 49.c5 Rc1 50.Kd4 f4
51.Kd5 Kc3 52.Rd4 f3 53.Rf4 Rd1+ 54.Ke5 Rd3 55.Ke4 Rd8 56.c6 Kc4 57.Rxf3 Re8+
58.Kf5 Rc8 59.Rh3 Rc7 60.Kg5 Rxc6 61.Rxh7 Kd5 62.h4 Rc1 63.Re7 Rg1+ 64.Kh6 Kd6
65.Re3 Kd7 66.h5 Rg2 67.Re5 Rg1 68.Kh7 Rg2 69.h6 Rg1 70.Ra5 Ke7 71.Ra7+  1/2-1/2

[Event "TCh-RUS w"]
[Site "Dagomys RUS"]
[Date "2008.04.02"]
[Round "1"]
[White "Kosintseva,T"]
[Black "Molchanova,T"]
[Result "1-0"]
[WhiteElo "2497"]
[BlackElo "2359"]

1.e4 c5 2.Nf3 e6 3.d4 cxd4 4.Nxd4 Nc6 5.Nc3 Qc7 6.Be3 a6 7.Qd2 b5 8.O-O-O b4
9.Na4 Nf6 10.f3 Ne5 11.Nb3 Rb8 12.Bc5 Bxc5 13.Nbxc5 a5 14.f4 Ng6 15.g3 O-O
16.Qd6 Qxd6 17.Rxd6 Ne7 18.Bg2 Ne8 19.Rxd7 Bxd7 20.Nxd7 Nd6 21.Nxb8 Rxb8
22.Rd1 Nc4 23.Rd7 Kf8 24.Bf1 Ne3 25.Be2 Rc8 26.Kd2 Ke8 27.Bb5 Ng4 28.Rd6+ Kf8
29.Nb6  1-0

[Event "TCh-RUS Major League"]
[Site "Dagomys RUS"]
[Date "2008.04.04"]
[Round "2"]
[White "Badmatsyrenov,O"]
[Black "Rychagov,A"]
[Result "1-0"]
[WhiteElo "2344"]
[BlackElo "2565"]

1.e4 c5 2.Nf3 e6 3.d4 cxd4 4.Nxd4 Nc6 5.Nc3 Qc7 6.Be3 a6 7.f4 d6 8.Be2 Nf6
9.g4 b5 10.g5 Nd7 11.Nxc6 Qxc6 12.Qd4 Rb8 13.a3 Bb7 14.O-O-O Nc5 15.h4 Rc8
16.Rd2 e5 17.fxe5 Ne6 18.Qd5 dxe5 19.Nxb5 Be7 20.Rhd1 Nf4 21.Bxf4 exf4 22.Qe5 O-O
23.Na7 Qc5 24.Qxc5 Rxc5 25.Rd7 Bxe4 26.Bd3 Bxd3 27.R1xd3 f6 28.Rxe7  1-0

[Event "TCh-RUS w"]
[Site "Dagomys RUS"]
[Date "2008.04.04"]
[Round "3"]
[White "Xu Yuhua"]
[Black "Borisova,E"]
[Result "1/2-1/2"]
[WhiteElo "2500"]
[BlackElo "2275"]

1.e4 c5 2.Nf3 e6 3.d4 cxd4 4.Nxd4 Nc6 5.Nc3 Qc7 6.g3 a6 7.Bg2 Nf6 8.O-O Bc5
9.Nxc6 dxc6 10.Na4 Ba7 11.c4 b5 12.Nc3 e5 13.Bg5 Nd7 14.cxb5 axb5 15.Qc2 Ba6
16.Rfd1 h6 17.Bh3 hxg5 18.Bxd7+ Kf8 19.a4 Bd4 20.Bg4 b4 21.Nb5 Bxb5 22.axb5 Rxa1
23.Rxa1 Rh6 24.Ra8+ Ke7 25.Rc8 Qb6 26.Rxc6 Rxc6 27.bxc6 b3 28.Qc4 Bxf2+ 29.Kf1 Bc5
30.Qd5 Bd6 31.Kg2 Qd4 32.Qxd4 exd4 33.Bd1 Be5 34.Bxb3 Kd6 35.Bxf7 Kxc6 36.Kf3 Kc5
37.Ke2  1/2-1/2

[Event "Sozina Open"]
[Site "Bar MNE"]
[Date "2008.04.05"]
[Round "9"]
[White "Solomunovic,I"]
[Black "Rajkovic,Du"]
[Result "1/2-1/2"]
[WhiteElo "2442"]
[BlackElo "2494"]

1.e4 c5 2.Nf3 e6 3.d4 cxd4 4.Nxd4 Nc6 5.Nc3 Qc7 6.Be3 a6 7.Qd2 Nf6 8.O-O-O Be7
9.f3 O-O 10.g4 b5 11.h4 Bb7 12.g5 Ne8 13.h5 Rc8 14.Nb3 Ne5 15.Be2 Nd6 16.Bf4 Ndc4
17.Bxc4 Nxc4 18.Bxc7 Nxd2 19.Bf4 Nxb3+ 20.axb3 Bc6 21.Rhg1 f5 22.gxf6 Bxf6
23.Bd6 Rf7 24.Rd3 h6 25.b4 Bg5+ 26.Kb1 Bf4 27.Bxf4 Rxf4 28.Ne2 Rh4 29.Nd4 Rxh5
30.Nxc6 dxc6 31.Rd6 Re5 32.Kc1 c5 33.bxc5 Rexc5 34.Rg2 R8c6 35.Rd7 Rg5 36.Rxg5 hxg5
37.Kd2 Kh7 38.c3 Kg6 39.Kd3 Kf6 40.b3 g6 41.c4 bxc4+ 42.bxc4 Rb6 43.Kd4 e5+
44.Kd5 Rb3 45.Rd6+ Kg7 46.Kxe5 Rxf3 47.Rxa6 g4 48.c5 g3 49.Ra1 Rc3 50.Kd5 g2
51.Rg1 Rc2 52.c6 Kf6  1/2-1/2

[Event "Sozina Open"]
[Site "Bar MNE"]
[Date "2008.04.05"]
[Round "9"]
[White "Krivokapic,M"]
[Black "Stojanovic,Da"]
[Result "1/2-1/2"]
[WhiteElo "2362"]
[BlackElo "2496"]

1.e4 c5 2.Nf3 Nc6 3.d4 cxd4 4.Nxd4 e6 5.Nc3 Qc7 6.Be3 a6 7.Be2 Nf6 8.a3 b5
9.O-O Bb7 10.f4 Bc5 11.b4 Ba7 12.Qd3 O-O 13.e5 Nxd4 14.Bxd4 Bxd4+ 15.Qxd4 Nd5  1/2-1/2

[Event "TCh-RUS w"]
[Site "Dagomys RUS"]
[Date "2008.04.05"]
[Round "4"]
[White "Molchanova,T"]
[Black "Javakhishvili,L"]
[Result "1/2-1/2"]
[WhiteElo "2359"]
[BlackElo "2466"]

1.e4 c5 2.Nf3 e6 3.d4 cxd4 4.Nxd4 Nc6 5.Nc3 Qc7 6.Be3 a6 7.Qd2 Nf6 8.f3 Ne5
9.O-O-O b5 10.Nb3 Bb7 11.Qf2 Rc8 12.Bb6 Qb8 13.Ba7 Qc7 14.Bb6 Qb8  1/2-1/2

[Event "II Ruy Lopez IM"]
[Site "Merida ESP"]
[Date "2008.04.05"]
[Round "1"]
[White "Dolezal,C"]
[Black "Guerra Tulcan,L"]
[Result "1/2-1/2"]
[WhiteElo "2436"]
[BlackElo "2274"]

1.e4 c5 2.Nf3 Nc6 3.Nc3 e6 4.d4 cxd4 5.Nxd4 Qc7 6.a3 a6 7.Be3 Nf6 8.Bd3 b5
9.Nxc6 dxc6 10.f4 e5 11.Qf3 Ng4 12.Bd2 exf4 13.Bxf4 Bd6 14.Ne2 O-O 15.Bxd6 Qxd6
16.O-O-O Qc5 17.Rd2 b4 18.axb4 Qxb4 19.c3 Qa5 20.Qg3 Ne5 21.Nf4 Rb8 22.Bb1 Nc4
23.Rf2 Rd8 24.Nd5 Be6 25.Ne7+ Kh8 26.Nxc6 Qb6 27.Nxd8 Rxd8 28.Bd3 Qa5 29.Bb1 Qb6
30.Rd1 Rb8 31.Rd4 a5 32.Rxc4 Bxc4 33.Rd2 Qg1+ 34.Rd1 Qb6 35.Rd2 Qg1+ 36.Rd1 Qb6
37.Rd2  1/2-1/2

[Event "TCh-RUS Major League"]
[Site "Dagomys RUS"]
[Date "2008.04.06"]
[Round "4"]
[White "Korneev,O"]
[Black "Iljin,A"]
[Result "1-0"]
[WhiteElo "2651"]
[BlackElo "2556"]

1.e4 c5 2.Nf3 e6 3.d4 cxd4 4.Nxd4 Nc6 5.Nc3 Qc7 6.Be3 Nf6 7.Qd2 Bb4 8.f3 Nxd4
9.Qxd4 Bxc3+ 10.bxc3 O-O 11.Qc5 Qb8 12.Bg5 d6 13.Qd4 e5 14.Qd2 Qc7 15.Bxf6 gxf6
16.Bd3 Be6 17.O-O Bc4 18.Qh6 Bxd3 19.cxd3 Qxc3 20.Qxf6 Qd4+ 21.Kh1 Rae8 22.Qg5+ Kh8
23.Qf6+ Kg8 24.Rab1 Re6 25.Qg5+ Rg6 26.Qd2 b6 27.Rfc1 Qa4 28.Rc4 Qd7 29.Rbc1 Kh8
30.Rc7 Qa4 31.Qc2 Qa5 32.Qb2 Qa4 33.R7c4 Qd7 34.Rc7 Qa4 35.R7c4 Qd7 36.d4 Qe6
37.dxe5 dxe5 38.Rc6 Qxc6 39.Rxc6 Rxc6 40.Qxe5+ f6 41.Qb2 Re8 42.h4 Kg7 43.Kh2 Re5
44.Qd4 Rce6 45.g4 h6 46.Kg3 Re7 47.Kf4 Kf7 48.Ke3 h5 49.g5 fxg5 50.hxg5 Rxg5
51.f4 Rg3+ 52.Kf2 h4 53.Qh8 Ra3 54.e5 Rd7 55.Qh7+ Ke8 56.Qg8+ Ke7 57.Qg7+ Ke8
58.Qh8+ Kf7 59.Qf6+ Kg8 60.Qe6+ Rf7 61.f5 Rg3 62.f6 Rg7 63.Ke3 Rg1 64.Qe8+ Rf8  1-0

[Event "6th V.Nabokov Mem"]
[Site "Kyiv UKR"]
[Date "2008.04.07"]
[Round "5"]
[White "Pavlov,S2"]
[Black "Nyzhnyk,I"]
[Result "0-1"]
[WhiteElo "2418"]
[BlackElo "2397"]

1.e4 c5 2.Nf3 Nc6 3.Nc3 e6 4.d4 cxd4 5.Nxd4 Qc7 6.Ndb5 Qb8 7.Be3 a6 8.Bb6 axb5
9.Nxb5 Ra5 10.Nc7+ Ke7 11.Qd2 Re5 12.O-O-O f6 13.Bd3 Kf7 14.f4 Bc5 15.fxe5 Bxb6
16.exf6 Nxf6 17.Nb5 Qe5 18.Kb1 Ke7 19.Na3 Qa5 20.c3 Bc7 21.Nc4 Qh5 22.h3 Ne5
23.g4 Nxc4 24.Bxc4 Qe5 25.Rde1 b5 26.Bd3 Bb7 27.Qe2 Bc6 28.g5 Qxg5 29.Rhg1 Qh6
30.e5 Nd5 31.Qf2 Bb6 32.Rxg7+ Qxg7 33.Qh4+ Ke8 34.Be2 Ne7  0-1

[Event "10th Open"]
[Site "Dubai UAE"]
[Date "2008.04.08"]
[Round "3"]
[White "Salem,AR"]
[Black "Neverov,V"]
[Result "0-1"]
[WhiteElo "2429"]
[BlackElo "2568"]

1.e4 c5 2.Nf3 e6 3.d4 cxd4 4.Nxd4 Nc6 5.Nc3 Qc7 6.Be3 a6 7.Qd2 Nf6 8.f3 b5
9.Nxc6 dxc6 10.O-O-O Be7 11.g4 e5 12.Qf2 Be6 13.Bb6 Qb7 14.Bc5 O-O 15.Be2 Rfe8
16.Kb1 Bxc5 17.Qxc5 Nd7 18.Qd6 Nf8 19.Rd2 Qb6 20.Rhd1 Rab8 21.Bf1 Rb7 22.Kc1 f6
23.b4 Rd7 24.Qc5 Qxc5 25.bxc5 Red8 26.Rd6 Rxd6 27.cxd6 Kf7 28.Kb2 Nd7 29.a4 Nc5
30.axb5 axb5 31.Ka3 Nb7 32.Kb4 Bd7 33.h4 h6 34.Kb3 Bc8 35.Kb4 Bd7 36.Kb3 g5
37.hxg5 hxg5 38.Be2 Ke6 39.Kb4 Nxd6 40.Kc5 Be8 41.Rh1 Rb8 42.Rh8 Nf7 43.Rh7 Ra8
44.Bd3 Ke7 45.Ne2 Kf8 46.Ng3 Nd8 47.Nf5 Bg6 48.Rh8+ Kf7 49.Kb6 Rb8+ 50.Kc7 Rb7+
51.Kc8 Bxf5+ 52.exf5 Ke7 53.Rh7+ Kd6 54.Rxb7 Nxb7 55.Kxb7 b4 56.Kc8 c5 57.Kd8 Kd5
58.Be4+ Kd6 59.Ke8  0-1

[Event "TCh-RUS Major League"]
[Site "Dagomys RUS"]
[Date "2008.04.09"]
[Round "7"]
[White "Geller,J"]
[Black "Abasheev,D"]
[Result "1-0"]
[WhiteElo "2507"]
[BlackElo "2428"]

1.e4 c5 2.Nf3 Nc6 3.Nc3 e6 4.d4 cxd4 5.Nxd4 d6 6.g4 a6 7.Be3 Nge7 8.Nb3 b5
9.f4 Bb7 10.Qd2 Na5 11.Nxa5 Qxa5 12.Qf2 Nc8 13.Bd3 b4 14.Ne2 d5 15.f5 Be7
16.fxe6 O-O 17.O-O fxe6 18.Qg2 Nd6 19.exd5 Bxd5 20.Qh3 Be4 21.Nf4 Bxd3 22.cxd3 Qe5
23.Rae1 Nb5 24.Bc1 Qc5+ 25.Qe3 e5 26.Ne6 Rxf1+ 27.Kxf1 Qc6 28.Qxe5 Qh1+ 29.Ke2 Qg2+
30.Kd1 Qxg4+ 31.Qe2 Qxe2+ 32.Rxe2 Bf6 33.Bg5 Nd4 34.Nxd4 Bxg5 35.Nc6 a5 36.d4 Kf7
37.Kc2 Bf4 38.Kd3 Kf6 39.d5 g5 40.Re6+ Kf7 41.Re7+ Kf6 42.h3 h5 43.Ke4 a4
44.Re6+ Kf7 45.Kf5 b3 46.axb3 axb3 47.d6 h4 48.d7 Bc7 49.Re7+ Kf8 50.Kg6  1-0

[Event "Gausdal Classics GMB"]
[Site "Gausdal NOR"]
[Date "2008.04.09"]
[Round "2"]
[White "Kovachev,D"]
[Black "Lindberg,Be"]
[Result "1-0"]
[WhiteElo "2189"]
[BlackElo "2442"]

1.e4 c5 2.Nf3 e6 3.d4 cxd4 4.Nxd4 Nc6 5.Nc3 Qc7 6.Be3 a6 7.Bd3 Nf6 8.O-O Ne5
9.h3 Bc5 10.Qe2 d6 11.f4 Ng6 12.Nb3 Bxe3+ 13.Qxe3 b5 14.Rae1 O-O 15.a3 Bb7
16.Rf2 e5 17.f5 Nf4 18.Bf1 d5 19.exd5 Rfe8 20.Qc5 Qd7 21.Na5 Bxd5 22.g3 Rac8
23.Qb6 N4h5 24.g4 Nf4 25.Rd2 Qe7 26.Qe3 Ba8 27.Red1 Qc7 28.Nb3 Qb7 29.Rh2 N6d5
30.Nxd5 Nxd5 31.Qg3 a5 32.c3 b4 33.axb4 axb4 34.c4 Nf4 35.Qe3 Qe7 36.Rhd2 Qg5
37.Kh2 h5 38.Qg3 hxg4 39.hxg4 Qh6+ 40.Kg1 Qh1+ 41.Kf2 e4 42.Ke3 g5 43.fxg6 Nxg6
44.Be2 Qh6+ 45.g5 Qg7 46.Nd4 Ne7 47.Qf4 Ng6 48.Qf5 Qh7 49.Rf1 Rc5 50.Qd7 Re7
51.Qg4 Ne5 52.Qg3 Bc6 53.b3 Bd7 54.Rdd1 Nf3 55.Bxf3 exf3+ 56.Kf2 Rce5 57.Nxf3 Re2+
58.Kg1 Bc6 59.Rd8+ Kg7 60.Qd6 R2e6 61.Qd4+ Re5 62.Nh4 Be4 63.Rf4 Re6 64.Kf2 Bc6
65.Kg3 Be4 66.c5 Bc6 67.Rf5  1-0

[Event "Gausdal Classics GMB"]
[Site "Gausdal NOR"]
[Date "2008.04.09"]
[Round "2"]
[White "Womacka,M"]
[Black "Quinn,Joh"]
[Result "1-0"]
[WhiteElo "2445"]
[BlackElo "2157"]

1.e4 c5 2.Nf3 e6 3.d4 cxd4 4.Nxd4 Nc6 5.Nc3 Qc7 6.Be3 a6 7.Bd3 Nf6 8.O-O h5
9.h3 b5 10.Nxc6 Qxc6 11.Be2 Qc7 12.Bf3 Rb8 13.Re1 b4 14.Nd5 exd5 15.exd5 Kd8
16.Qd4 Rb5 17.c4 bxc3 18.Rac1 Rb4 19.Qd3 Bd6 20.Rxc3 Qb8 21.a3 Rxb2 22.Bd4 Bh2+
23.Kh1 Bb7 24.Rc4 Rb5 25.a4 Bxd5 26.axb5 Bxc4 27.Qxc4 axb5 28.Qxf7 Qf4 29.Qxg7 Qxd4
30.Qxh8+ Kc7 31.Rc1+ Kb6 32.Qd8+  1-0

[Event "6th V.Nabokov Mem"]
[Site "Kyiv UKR"]
[Date "2008.04.09"]
[Round "7"]
[White "Bargan,Se"]
[Black "Nyzhnyk,I"]
[Result "0-1"]
[WhiteElo "2404"]
[BlackElo "2397"]

1.e4 c5 2.Nf3 Nc6 3.Nc3 e6 4.d4 cxd4 5.Nxd4 Qc7 6.Be3 a6 7.Qd2 Nf6 8.O-O-O d6
9.f3 Be7 10.g4 b5 11.h4 Bb7 12.Kb1 Rc8 13.g5 Nd7 14.h5 Nce5 15.a3 Nb6 16.Qg2 Nbc4
17.Bxc4 Nxc4 18.Bc1 Qb6 19.g6 Bf6 20.Nce2 d5 21.Bg5 b4 22.a4 Na3+ 23.bxa3 bxa3+
24.Nb5 a2+ 25.Kxa2 Rxc2+ 26.Kb1 Rb2+ 27.Kc1 Qc5+  0-1

[Event "TCh-RUS w"]
[Site "Dagomys RUS"]
[Date "2008.04.10"]
[Round "8"]
[White "Bronnikova,E"]
[Black "Borisova,E"]
[Result "1-0"]
[WhiteElo "2293"]
[BlackElo "2275"]

1.e4 c5 2.Nf3 e6 3.d4 cxd4 4.Nxd4 Nc6 5.Nc3 Qc7 6.g3 a6 7.Bg2 Nf6 8.O-O Be7
9.a4 O-O 10.Kh1 d6 11.f4 Nd7 12.Be3 Rb8 13.g4 Na5 14.g5 Nc4 15.Bc1 Re8 16.Rf3 Bf8
17.b3 Na5 18.Bb2 b6 19.Rh3 g6 20.Qe1 Bg7 21.Rd1 Nf8 22.Rhd3 Bb7 23.Qf2 Qc5
24.Na2 Qc7 25.Nc3 Ba8 26.f5 exf5 27.exf5 Re5 28.f6 Bh8 29.Nf3 Rf5 30.Nd5 Bxd5
31.Rxd5 Rxd5 32.Rxd5 Re8 33.Qd2 Nb7 34.h4 Nc5 35.Nh2 Qc8 36.Rxd6 h6 37.Ba3 Qf5
38.Rd5 Ne4 39.Rxf5 Nxd2 40.Rd5 Re1+ 41.Nf1 Nxf1 42.Rd8 Ne3+ 43.Kh2 Re2 44.Rxf8+ Kh7
45.Rxf7+ Kg8 46.Re7 Rxg2+ 47.Kh3  1-0

[Event "TCh-RUS w"]
[Site "Dagomys RUS"]
[Date "2008.04.10"]
[Round "8"]
[White "Severiukhina,Z"]
[Black "Cherenkova,K"]
[Result "1/2-1/2"]
[WhiteElo "2261"]
[BlackElo "2279"]

1.e4 c5 2.Nf3 e6 3.d4 cxd4 4.Nxd4 Nc6 5.Nc3 Qc7 6.g3 a6 7.Bg2 Nge7 8.O-O Nxd4
9.Qxd4 Nc6 10.Qd3 Be7 11.Bf4 d6 12.Rad1 Ne5 13.Qe2 O-O 14.Bc1 b5 15.f4 Nc4
16.b3 Nb6 17.Bb2 Rd8 18.a3 Bb7 19.Qg4 Bf8 20.f5 exf5 21.exf5 Bxg2 22.Kxg2 d5
23.Rd4 f6 24.Qf3 Rac8 25.Kh3 Qf7 26.Rh4 d4 27.Ne2 Rxc2 28.Bxd4 Nd5 29.b4 Re8
30.Rf2 Bd6 31.Re4 Rcc8 32.Kg2 Rxe4 33.Qxe4 Re8 34.Qd3 Be5 35.Bc5 Rd8 36.Qf3 Qd7
37.Nc1 Nc3 38.Nb3 Qd1 39.Qxd1 Nxd1 40.Rd2 Rxd2+ 41.Nxd2 Bb2 42.Nb1 Nc3 43.Nxc3 Bxc3
44.Kf3 Bb2 45.Ke4 Kf7 46.Kd5 Bxa3 47.Kc6 Ke8 48.Kb6 Kd7 49.Kxa6 Kc6 50.Bf8 g6
51.fxg6 hxg6 52.g4 f5 53.gxf5 gxf5 54.Ka5 f4 55.h4 Bc1 56.h5 f3 57.Bc5 Bd2
58.Bf2 Bf4 59.Be1 Be3 60.Bg3 Bb6+ 61.Ka6 Be3 62.Ka5 f2 63.Bxf2 Bxf2 64.h6  1/2-1/2

[Event "10th Open"]
[Site "Dubai UAE"]
[Date "2008.04.10"]
[Round "5"]
[White "Soozankar,A"]
[Black "Durarbeyli,V"]
[Result "1/2-1/2"]
[WhiteElo "2221"]
[BlackElo "2384"]

1.e4 c5 2.Nf3 e6 3.d4 cxd4 4.Nxd4 Nc6 5.Nc3 d6 6.g3 Nf6 7.Bg2 Be7 8.Nxc6 bxc6
9.e5 Nd5 10.exd6 Bxd6 11.Ne4 Ba6 12.c4 Bb4+  1/2-1/2

[Event "Gausdal Classics GMB"]
[Site "Gausdal NOR"]
[Date "2008.04.10"]
[Round "3"]
[White "Hirneise,T"]
[Black "Rotstein,A"]
[Result "1/2-1/2"]
[WhiteElo "2382"]
[BlackElo "2528"]

1.e4 c5 2.Nf3 e6 3.d4 cxd4 4.Nxd4 Nc6 5.Nc3 Qc7 6.Be2 a6 7.Be3 Nf6 8.a3 Be7
9.f4 d6 10.g4 Nd7 11.g5 h6 12.g6 Bh4+ 13.Kd2 Nxd4 14.gxf7+ Kxf7 15.Bxd4 Bf6
16.Kc1 Rf8 17.Rg1 Kg8 18.Kb1 b5 19.Ka2 Rb8 20.Bxf6 Nxf6 21.Qd3 b4 22.axb4 Rxb4
23.Rg3 Qa5+ 24.Kb1 Qb6 25.b3 Bb7 26.e5 dxe5 27.fxe5 Ne4 28.Nxe4 Bxe4 29.Qxa6 Rxb3+
30.Kc1 Qxa6 31.Rxa6 Rxg3 32.hxg3 Rc8 33.Rxe6 Rxc2+ 34.Kd1 Rc3 35.g4 Rc5 36.Ke1 Kf7
37.Ra6 Rxe5 38.Kf2 Rc5 39.Ke3 Bg2 40.Kf4 Bc6 41.Bf3 Bd7 42.Rd6 Be6 43.Rc6 Ra5
44.Rd6 Ke7 45.Rd4 Kf6 46.Rb4 Ra3 47.Rb6 Ra4+ 48.Kg3 Rd4 49.Rb5 Rd3 50.Kf2 Ra3
51.Kg2 Bd7 52.Rc5 Rb3 53.Kf2 Rd3 54.Kg2 Ke7 55.g5 hxg5 56.Rxg5 Kf6 57.Rd5 Rxf3
58.Rxd7 Ke5  1/2-1/2

[Event "II Ruy Lopez IM"]
[Site "Merida ESP"]
[Date "2008.04.10"]
[Round "8"]
[White "Figuero Toro,J"]
[Black "Guerra Tulcan,L"]
[Result "1-0"]
[WhiteElo "2253"]
[BlackElo "2274"]

1.e4 c5 2.Nf3 Nc6 3.d4 cxd4 4.Nxd4 e6 5.Nc3 Qc7 6.g3 Nf6 7.Bg2 a6 8.O-O Be7
9.a4 O-O 10.Kh1 Rd8 11.Nb3 d5 12.exd5 Nxd5 13.Nxd5 exd5 14.Bf4 Bd6 15.Bg5 Be7
16.Bf4 Bd6 17.Be3 Be5 18.c3 b6 19.Bg5 f6 20.Be3 Ne7 21.Nd4 Rb8 22.Kg1 Kh8
23.f4 Bd6 24.Bf2 Bc5 25.Re1 Nf5 26.Qd3 Bxd4 27.Bxd4 Qf7 28.Bf2 Ne7 29.Rad1 Rd6
30.Rd2 a5 31.Rde2 Rb7 32.Qa6 Rbd7 33.Rxe7 Bxa6 34.Rxf7  1-0

[Event "FSIM April"]
[Site "Budapest HUN"]
[Date "2008.04.11"]
[Round "7"]
[White "Lorand,N"]
[Black "Balazs,G2"]
[Result "1/2-1/2"]
[WhiteElo "2233"]
[BlackElo "2278"]

1.e4 c5 2.Nf3 e6 3.d4 cxd4 4.Nxd4 Nc6 5.Nc3 Qc7 6.Be3 a6 7.Qd2 Nf6 8.O-O-O Nxd4
9.Qxd4 d6 10.f3 b5 11.g4 Bb7 12.g5 Nd7 13.h4 Rc8 14.Kb1 Ne5 15.Be2 Nc4 16.Bxc4 Qxc4
17.Qa7 Qc6 18.a3 Be7 19.Qd4 O-O 20.h5 Qc4 21.h6 Qxd4 22.Bxd4 g6 23.Bf6 Bxf6
24.gxf6 d5  1/2-1/2

[Event "TCh-RUS Major League"]
[Site "Dagomys RUS"]
[Date "2008.04.11"]
[Round "9"]
[White "Zontakh,A"]
[Black "Savchenko,S"]
[Result "1/2-1/2"]
[WhiteElo "2573"]
[BlackElo "2560"]

1.e4 c5 2.Nf3 e6 3.d4 cxd4 4.Nxd4 Nc6 5.Nc3 d6 6.Nxc6 bxc6 7.Bd3 d5 8.O-O Nf6
9.Re1 Be7 10.e5 Nd7 11.Qg4 g6 12.b3 O-O 13.Bh6 f5 14.exf6 Nxf6 15.Qe2  1/2-1/2

[Event "Gausdal Classics GMB"]
[Site "Gausdal NOR"]
[Date "2008.04.11"]
[Round "4"]
[White "Stokke,K"]
[Black "Quinn,Joh"]
[Result "1-0"]
[WhiteElo "2375"]
[BlackElo "2157"]

1.e4 c5 2.Nf3 e6 3.d4 cxd4 4.Nxd4 Nc6 5.Nc3 Qc7 6.Be3 a6 7.Qd2 Nf6 8.O-O-O Bb4
9.f3 Ne5 10.Nb3 b5 11.Qd4 Be7 12.Be2 Bb7 13.g4 h6 14.h4 Rc8 15.Qd2 b4 16.Na4 Bxe4
17.Nd4 Bb7 18.Kb1 Nd5 19.Bf2 Qa5 20.b3 Nc3+ 21.Nxc3 bxc3 22.Qe3 Bc5 23.Rhf1 Bd5
24.Be1 Bb4 25.Bg3 Qa3 26.Qc1 Qxc1+ 27.Kxc1 Nc6 28.Nf5 O-O 29.Ne3 Ne7 30.Rd4 Bc5
31.Nxd5 Nxd5 32.Ra4 f5 33.gxf5 Rxf5 34.Rxa6 Be3+ 35.Kb1 Bd2 36.a3 Ne3 37.Rg1 Rcf8
38.Bd6 Rc8 39.Ra7 Nxc2 40.Rxd7 Nxa3+ 41.Ka2 Rf7 42.Rxf7 Kxf7 43.Bxa3 Ra8
44.Bb5 Ra5 45.Ba4 Re5 46.Bc1 Be1 47.Rh1 Bg3 48.b4 Re2+ 49.Kb3 Be5 50.Bc6  1-0

[Event "Gausdal Classics GMB"]
[Site "Gausdal NOR"]
[Date "2008.04.11"]
[Round "4"]
[White "Forsaa,E"]
[Black "Andersen,Mad"]
[Result "1/2-1/2"]
[WhiteElo "2312"]
[BlackElo "2020"]

1.e4 c5 2.Nf3 e6 3.d4 cxd4 4.Nxd4 Nc6 5.Nc3 Qc7 6.Be3 a6 7.Qd2 Nf6 8.f3 Ne5
9.O-O-O Bb4 10.Nb3 b5 11.Kb1 Nc4 12.Bxc4 bxc4 13.Nc1 Rb8 14.g4 O-O 15.N1e2 a5
16.Ka1 Qb7 17.Rb1 d6 18.g5 Ne8 19.h4 f5 20.gxf6 Nxf6 21.Rhg1 Kh8 22.Qd4 Bc5
23.Qd2 Bb4 24.Qd4 Bc5 25.Qd2 Bb4  1/2-1/2

[Event "6th V.Nabokov Mem"]
[Site "Kyiv UKR"]
[Date "2008.04.11"]
[Round "9"]
[White "Soltanici,R"]
[Black "Nyzhnyk,I"]
[Result "0-1"]
[WhiteElo "2395"]
[BlackElo "2397"]

1.e4 c5 2.Nf3 Nc6 3.Nc3 e6 4.d4 cxd4 5.Nxd4 Qc7 6.Be3 a6 7.Qd2 Nf6 8.O-O-O d6
9.f3 Be7 10.g4 b5 11.Nxc6 Qxc6 12.h4 Bb7 13.Kb1 Rc8 14.g5 Nd7 15.Ne2 Ne5
16.Nd4 Qc7 17.Rh3 d5 18.exd5 Bxd5 19.f4 Nc4 20.Bxc4 Bxc4 21.h5 Rd8 22.b3 Bd5
23.Qe1 Be4 24.Rh2 Bxg5 25.Bc1 Bd5 26.fxg5 Qxh2 27.Nf5 Rg8 28.Bb2 Qxh5 29.Nxg7+ Rxg7
30.Bxg7 Qxg5 31.Qc3 Qg4 32.Rd2 Kd7 33.Qf6 Re8 34.Bh6 Qh5 35.Bf4 Rc8 36.Rh2 Qg6
37.Qe5 a5 38.Rd2 Rc6 39.Qb8 Qg1+ 40.Kb2 Qc5 41.Be5 Rc8 42.Qb7+ Ke8 43.Qa6 Ra8
44.Qd6 Qxd6 45.Bxd6 f6 46.Rf2 Ra6 47.Bg3 e5 48.Kc3 Re6 49.Kd3 Kf7 50.c4 bxc4+
51.bxc4 Bc6 52.Rh2 Kg6 53.Be1 f5 54.Bxa5 f4 55.Bc7 Bf3 56.Kc3 h5 57.c5 Kf5
58.Rh4 Bg4 59.Rh2 e4 60.Rf2 f3 61.Bg3 e3 62.Rb2 Kg5 63.Rh2 f2  0-1

[Event "10th Open"]
[Site "Dubai UAE"]
[Date "2008.04.12"]
[Round "7"]
[White "Frhat,A"]
[Black "Kalegin,E"]
[Result "1-0"]
[WhiteElo "2393"]
[BlackElo "2510"]

1.e4 c5 2.Nf3 e6 3.d4 cxd4 4.Nxd4 Nc6 5.Nc3 a6 6.Be3 Nf6 7.Bd3 d5 8.exd5 exd5
9.O-O Bd6 10.Re1 O-O 11.h3 Re8 12.Qd2 h6 13.Nxc6 bxc6 14.Bf4 Be6 15.Bxd6 Qxd6
16.Rad1 c5 17.b3 Qc7 18.Qc1 Rec8 19.Bf1 Rd8 20.Na4 Bd7 21.Qa3 Bxa4 22.Qxa4 a5
23.g3 Rab8 24.Bg2 c4 25.Qa3 cxb3 26.cxb3 Rb4 27.Rd3 Qb6 28.Qc1 a4 29.bxa4 Rc4
30.Qd2 Qc5 31.Qe3 Re8 32.Qd2 Rxe1+ 33.Qxe1 d4 34.a5 Rc1 35.Rd1 Rc2 36.a6 Rxa2
37.Bb7 Qc3 38.Qe5 Kh7 39.Qxd4 Qa5 40.Qc4 Kg6 41.Qd3+ Qf5 42.Qe3 Qxh3 43.Qb3 Qe6
44.Qb1+ Kg5 45.Re1 Qc4 46.Re5+  1-0